| 000 | 00577nam a2200181 a 4500 | ||
|---|---|---|---|
| 005 | 20240614063738.0 | ||
| 008 | 991125s1971 ea 000 0 eng u | ||
| 035 | _aUPN01000054873 | ||
| 049 | _aCG | ||
| 050 | 4 |
_aPE1117 _bS23 |
|
| 245 | 0 | 0 |
_aStudybook : _blevel 3 / _cIra E. Aaron ... [et al.]. |
| 260 |
_aGlenview (E.U.A.) : _bScott Foresman, _c1971. |
||
| 300 |
_a80 p. : _bil. col. |
||
| 440 | 0 |
_aScott Foresman reading systems ; _vlevel 3 |
|
| 650 | 4 |
_aInglés _vLibros de texto para extranjeros _99168 |
|
| 700 | 1 |
_aAaron, Ira Edward, _d1919- _ecoaut. _928025 |
|
| 905 | _aLibro | ||
| 999 |
_c54873 _d54873 |
||